True or False:Simpsons Edition - Statistics

General Stats
  • This quiz has been taken 107 times
  • The average score is 10 of 15
Answer Stats
Question Answer % Correct
Marge was once a police officer. True
84%
For several episodes, Ned was not married. True
84%
Homer's full name is Homer Jay Simpson. True
79%
Nelson's mom is a police officer. False
74%
Mr. Burns ran for governer. True
74%
Marge's first boyfriend was Artie Ziff. True
74%
Mr. Burns's age varies throughout the series. True
74%
Principal Skinner paints houses in the summer. True
74%
Lisa was never christian. False
68%
Bart helped Patty and Selma get out of jail. False
68%
Marge's hair is not naturally blue. True
63%
Frank Grimes tried to kill Homer. False
58%
Marge has never smoked. True
53%
Sideshow Bob never tried to kill Homer. False
42%
Sideshow bob framed Krusty for murder. False
26%
No matching quizzes found
Score Distribution
Percent of People with Each Score
Percentile by Number Answered
Your Score History
You have not taken this quiz